|
|
|
|
| LEADER |
00000naa2a2200000 4500 |
| 001 |
175810 |
| 005 |
20231101223237.0 |
| 035 |
|
|
|a (RuTPU)RU\TPU\book\190608
|
| 090 |
|
|
|a 175810
|
| 100 |
|
|
|a 20100217d2009 k y0rusy50 ca
|
| 101 |
0 |
|
|a rus
|
| 102 |
|
|
|a RU
|
| 200 |
1 |
|
|a Численное исследование деформирования горных пород при внедрении жёсткого индентора
|f Ю. П. Стефанов, В. Д. Евсеев
|
| 320 |
|
|
|a Библиогр.: 14 назв.
|
| 463 |
|
0 |
|0 (RuTPU)RU\TPU\book\186916
|t Проблемы научно-технического прогресса в бурении скважин
|o сборник докладов Всероссийской научно-технической конференции, посвященной 55-летию кафедры "Бурение скважин", 23-25 ноября 2009 г. г. Томск
|f Томский политехнический университет (ТПУ), Институт геологии и нефтегазового дела (ИГНД); под ред. В. Г. Храменкова
|v С. 160-170
|d 2009
|p 242 с.
|
| 610 |
1 |
|
|a горные породы
|
| 610 |
1 |
|
|a деформирование
|
| 610 |
1 |
|
|a численные исследования
|
| 610 |
1 |
|
|a инденторы
|
| 610 |
1 |
|
|a математическое моделирование
|
| 610 |
1 |
|
|a модели Кулона-Мора
|
| 610 |
1 |
|
|a модели Друккера-Прагера
|
| 610 |
1 |
|
|a труды учёных ТПУ
|
| 700 |
|
1 |
|a Стефанов
|b Ю. П.
|c инженер
|c кафедра бурения скважин Томского политехнического университета
|g Юрий Павлович
|2 stltpush
|3 (RuTPU)RU\TPU\pers\25762
|9 11656
|
| 701 |
|
1 |
|a Евсеев
|b В. Д.
|c горный инженер
|c профессор Томского политехнического университета
|f 1947-
|g Виктор Дмитриевич
|2 stltpush
|3 (RuTPU)RU\TPU\pers\26127
|
| 801 |
|
1 |
|a RU
|b 63413507
|c 20100217
|
| 801 |
|
2 |
|a RU
|b 63413507
|c 20130321
|g RCR
|
| 942 |
|
|
|c BK
|